| 000 | 07681nac a22016691u 4500 | ||
|---|---|---|---|
| 010 | _a 88641014 | ||
| 022 | 0 | _a0895-9439 | |
| 035 | _a(OCoLC)ocm16857629 | ||
| 082 | 0 | 0 |
_a809.31 _bSHO |
| 090 |
_c9945 _d9945 |
||
| 100 | _a20080729 | ||
| 245 | 0 | 0 | _aShort story criticism. |
| 246 | 1 | 3 | _aSSC |
| 260 |
_aDetroit, Mich. : _bGale Research Co.,1988- _c1988- |
||
| 300 |
_av. : _bill. ; _c29 cm. |
||
| 500 | _aDonations. | ||
| 500 | _aDonations - AUC. | ||
| 505 | _aIssues: V.2, 3(1989) | ||
| 505 | _aIssues: V.17, 18,19, 20(1995) | ||
| 505 | _aIssues: V.4, 5, 6(1990) | ||
| 505 | _aIssues: V.30, 31, 32, 33(1999) | ||
| 505 | _aIssues: V.12, 13(1993) | ||
| 505 | _aIssues: V.34, 35, 36, 37, 38, 39, (2000) | ||
| 505 | _aIssues: V.47, 48, 49, 50, 51, 52, 53, 58, (2002) | ||
| 505 | _aIssues: V.63, 64, 65, 66, 67, 68, 69, 70, 71, 72, (2004) | ||
| 505 | _aIssues: V.30, (1984) | ||
| 505 | _aIssues: V.54, 55, 56, 57, 59,60, 61,62, (2003) | ||
| 505 | _aIssues: V.9, 10, 11(1992) | ||
| 505 | _aIssues: V.21, 22, 23, (1996) | ||
| 505 | _aIssues: V.24, 25, 26, (1997) | ||
| 505 | _aIssues: V.27, 28, 29(1998) | ||
| 505 | _aIssues: V.7, 8, (1991) | ||
| 505 | _aIssues: V.73, 74, 75, 76, 77, 78, 79, 80, 81, 82, (2005) | ||
| 505 | _aIssues: V.83, 84, 85, 86, 87, 88, 89, 90, 91, 92, (2006) | ||
| 505 | _aIssues: V.93, 94, 95, 96, 97, 98, 99, (2007) | ||
| 505 | _aIssues: V.14, 15, 16, (1994) | ||
| 505 | _aIssues: V.40, 41,42, 43, 44, 45, 46, (2001) | ||
| 505 | _aIssues: V.101, 102, (2008) | ||
| 511 | _acatalogued by: wessam | ||
| 511 | _aCatalogued by: Sara. | ||
| 650 | 0 |
_aShort story _vPeriodicals. |
|
| 942 |
_cNB _k809.31SHO |
||
| 999 |
_c9945 _d9945 |
||